Queer Heroes : [53 eroi arcobaleno di tutti i tempi] /

Tra queste pagine troverai i ritratti di 53 personaggi che fanno parte della nostra storia. Probabilmente di alcuni di loro sai già molto, ma forse non ti aspetti di trovarli qui. Dalla Monna Lisa di Leonardo da Vinci alla guida della Apple di Tim Cook, dai ritratti iconici di Freeda Kahlo al rock r...

Descrición completa

Gardado en:
Detalles Bibliográficos
Autor Principal: Sicardi, Arabelle
Outros autores: Tanat-Jones, Sarah (Illustrator)
Formato: Libro
Idioma:Lingua italiana
Publicado: [Milano] : Lo Stampatello, 2019
Subjects:
Tags: Engadir etiqueta
Sen Etiquetas, Sexa o primeiro en etiquetar este rexistro!

MARC

LEADER 00000nam a22000007i 4500
001 IT\ICCU\MIL\0977263
003 ItRI
005 20260213153611.0
008 200110s2019 it |||||| ||||| |||||c
020 |a 9788898312375 
040 |b ita  |c Arcigay Queer VdA 
041 7 |a ita  |2 ISO-639-2 
082 |a 305.3  |2 23 
100 1 |a Sicardi, Arabelle  |0 IT\ICCU\BVEV\267390 
240 1 0 |a Queer heroes  |9 Sicardi, Arabelle 
245 1 0 |a Queer Heroes :  |b [53 eroi arcobaleno di tutti i tempi] /  |c [scritto da Arabelle Sicardi ; illustrato da Sarah Tanat-Jones]. 
260 |a [Milano] :  |b Lo Stampatello,  |c 2019 
300 |a 63 p. :  |b ill. ;  |c 29 cm 
500 |a Complemento del titolo e autori della copertina 
520 |a Tra queste pagine troverai i ritratti di 53 personaggi che fanno parte della nostra storia. Probabilmente di alcuni di loro sai già molto, ma forse non ti aspetti di trovarli qui. Dalla Monna Lisa di Leonardo da Vinci alla guida della Apple di Tim Cook, dai ritratti iconici di Freeda Kahlo al rock ribelle di Gianna Nannini: scopri le loro storie di coraggio, successo e determinazione. Realizzato per celebrare il 50° anniversario della rivolta di Stonewall, questo libro insegna a non essere prigionieri dei pregiudizi e mostra ai ragazzi il valore di essere se stessi. Età di lettura: da 9 anni. 
650 7 |a Persone celebri [:] Omosessuali [e] Transessuali  |x Biografie  |x Libri per ragazz  |2 nsbncf 
700 1 |a Tanat-Jones, Sarah  |0 IT\ICCU\BVEV\267391  |4 ill 
942 |2 ddc  |c BK  |n 0 
952 |0 0  |1 0  |2 ddc  |4 0  |6 305_300000000000000_SIC_QUE  |7 1  |9 9844  |a AO  |b AO  |d 2025-10-25  |l 0  |o 305.3 SIC QUE  |p 11581  |r 2025-10-25 11:55:32  |w 2025-10-25  |x Di proprietà di Giulio Gasperini  |y BK 
952 |0 0  |1 0  |4 0  |6 R_306_760000000000000_SIC  |7 0  |9 21689  |a BO  |b BO  |d 2026-01-15  |i 19499  |l 0  |o R 306.760 SIC  |p BO19499  |r 2026-01-15 23:22:06  |w 2026-01-15  |x [Sebina 5] [1 v.]  |y BK  |z 1 v. 
999 |c 8204  |d 8204